Toronto FC 2017 MLS Cup Winning Roster - Statistics

General Stats
  • This quiz has been taken 7 times
    5 since last reset
  • The average score is 17 of 19
Answer Stats
# Position Player % Correct
25 GK Alex Bono
100%
8 MF Benoit Cheyrou
100%
1 GK Clint Irwin
100%
3 DF Drew Moor
100%
15 DF Eriq Zavaleta
100%
Coach Greg Vanney
100%
21 MF Jonathan Osorio
100%
17 FW Jozy Altidore
100%
2 DF Justin Morrow
100%
18 MF Marky Delgado
100%
4 MF © Michael Bradley
100%
10 FW Sebastian Giovinco
100%
33 DF Steven Beitashour
100%
31 MF Armando Cooper
75%
23 DF Chris Mavinga
75%
6 DF Nick Hagglund
75%
87 FW Tosaint Ricketts
75%
7 MF Victor Vasquez
75%
26 MF Nicolas Hasler
50%
No matching quizzes found
Score Distribution
Percent of People with Each Score
Percentile by Number Answered
Your Score History
You have not taken this quiz since the last reset